00488nam a2200193 a 4500001001300000003000900013005001700022008004100039020000800080082001800088100002800106245002100134260003600155300000900191500003500200505001000235650002100245700002800266nice12345678IN_TiNIC20260116012014.0050524s0000 dela grp 000 0 urd  ac500a297.4092bFAR aFarooqi, Mohd Mustahsin aTareekhul Awliya aDelhibAastana Book Depotc0000 a191p aincludes index and biblioraphy2 aIndex aSufism-Biography1 aFarooqi, Mohd Mustahsin